000 01346nam a2200349 a 4500
001 ebr10621188
003 CaPaEBR
006 m u
007 cr cn|||||||||
008 070208s2006 enka sb 001 0 eng d
010 _z 2007271444
020 _z0854046593
020 _z9780854046591
020 _z9781847557629 (e-book)
040 _aCaPaEBR
_cCaPaEBR
035 _a(OCoLC)232639230
050 1 4 _aAM141
_b.C656 2006eb
245 0 0 _aConservation science
_h[electronic resource] :
_bheritage materials /
_cedited by Eric May, Mark Jones.
260 _aCambridge, U.K. :
_bRSC Pub.,
_cc2006.
300 _axiii, 376 p. :
_bill. (some col.)
504 _aIncludes bibliographical references and index.
533 _aElectronic reproduction.
_bPalo Alto, Calif. :
_cebrary,
_d2011.
_nAvailable via World Wide Web.
_nAccess may be limited to ebrary affiliated libraries.
650 0 _aMuseum conservation methods.
650 0 _aArt objects
_xConservation and restoration.
650 0 _aAntiques
_xConservation and restoration.
650 0 _aHistoric preservation.
655 7 _aElectronic books.
_2local
700 1 _aMay, Eric.
700 1 _aJones, Mark.
710 2 _aebrary, Inc.
856 4 0 _uhttp://site.ebrary.com/lib/rucke/Doc?id=10621188
_zAn electronic book accessible through the World Wide Web; click to view
999 _c56707
_d56707